Statystyki dla NAJWIĘKSZE KRAJE ŚWIATA - RANKING

Kliknij tutaj aby rozwiązać quiz!

Ogólne statystyki

  • Ten quiz został rozwiązany 80 razy
  • Średni wynik to 9 z 10

Statystyki odpowiedzi

MOJE PYTANIETWOJA ODPOWIEDŹ% Poprawnych
3.CHINY
100%
1.ROSJA
100%
2.KANADA
99%
5.BRAZYLIA
96%
4.USA
96%
6.AUSTRALIA
86%
7.INDIE
86%
9.ARGENTYNA
76%
8.KAZACHSTAN
76%
10.ALGIERIA
67%

Rozkład punktacji

Percentyl według liczby udzielonych odpowiedzi

Procent ludzi z każdym wynikiem

Twoja historia wyników

Nie rozwiązałeś tego quizu